Seismic Provision for Structural Buildings/ (Record no. 1316)

000 -LEADER
fixed length control field 00295 a2200097 4500
082 ## - DEWEY DECIMAL CLASSIFICATION NUMBER
Classification number 624.1762 SEI
100 ## - MAIN ENTRY--PERSONAL NAME
Personal name AISC
245 ## - TITLE STATEMENT
Title Seismic Provision for Structural Buildings/
Statement of responsibility, etc. AISC
260 ## - PUBLICATION, DISTRIBUTION, ETC.
Place of publication, distribution, etc. USA :
Name of publisher, distributor, etc. American Institute of steel Construction,
Date of publication, distribution, etc. 2001
300 ## - PHYSICAL DESCRIPTION
Extent various Pages
Other physical details ill. ;
Dimensions 21 cm
650 ## - SUBJECT ADDED ENTRY--TOPICAL TERM
Topical term or geographic name entry element Structural Buildings
Holdings
Withdrawn status Lost status Damaged status Not for loan Permanent Location Current Location Shelving location Date acquired Total Checkouts Full call number Barcode Date last seen Price effective from Koha item type Date last checked out
        School of Civil and Environmental Engineering (SCEE) School of Civil and Environmental Engineering (SCEE)       624.1762 SEI NIT-315 01/05/2017 01/05/2017 Book  
        School of Civil and Environmental Engineering (SCEE) School of Civil and Environmental Engineering (SCEE)     1   NIT-314 06/13/2022 01/05/2017 Book 02/07/2022
© 2023 Central Library, National University of Sciences and Technology. All Rights Reserved.